| 000 | 00000nam##2200000za#4500 |
| 001 | 9.642137 |
| 003 | CaOODSP |
| 005 | 20210624223546 |
| 007 | cr ||||||||||| |
| 008 | 150407|2000||||xxc|||||o f|0| 0 fre|d |
| 040 | |aCaOODSP|bfre |
| 043 | |an-cn--- |
| 086 | 1 |aRH64-82/2000F-PDF |
| 110 | 1 |aCanada.|bDéveloppement des ressources humaines Canada. |bPolitique stratégique. |
| 245 | 10|aÉtude relative aux normes fédérales du travail : |h[ressource électronique]|bconcilier le travail, la famille et l'apprentissage dans les lieux de travail régis par le gouvernement fédéral - rapport final / |c[par] Évaluation et développement des données. |
| 260 | |aOttawa - Ontario : |bDéveloppement des ressources humaines Canada. |cJanvier 2000. |
| 300 | |a101p.|bfigures |
| 504 | |aBibliographie. |
| 590 | |a13-16-Supp|b2013-07-12 |
| 691 | 07|aMilieu de travail|2gcpds |
| 691 | 07|aNormes du travail|2gcpds |
| 775 | 08|tA study concerning federal labour standards : |w(CaOODSP)9.698143 |
| 856 | 40|ahttp://publications.gc.ca|qPDF|s430 Ko|uhttps://publications.gc.ca/collections/collection_2013/rhdcc-hrsdc/RH64-82-2000-fra.pdf |
| 986 | |aSP-AH116-01-00F |